[Event "Hradec Kralove Region-chT 0506"]
[Site "Czech Republic"]
[Date "2005.11.27"]
[Round "3.3"]
[White "Rychna, Lukas"]
[Black "Stursa, Jan"]
[Result "0-1"]
[WhiteElo "2063"]
[BlackElo "2157"]
[PlyCount "68"]
[EventDate "2005.10.23"]
[EventType "team-tourn"]
[EventRounds "11"]
[EventCountry "CZE"]
[SourceTitle "EXT 2024"]
[Source "ChessBase"]
[SourceDate "2023.10.10"]
[SourceVersion "1"]
[SourceVersionDate "2023.10.10"]
[SourceQuality "1"]
[WhiteTeam "Jicin"]
[BlackTeam "Vrchlabi"]
[WhiteTeamCountry "CZE"]
[BlackTeamCountry "CZE"]

1. e4 c5 2. Nf3 e6 3. d4 cxd4 4. Nxd4 a6 5. Bd3 Qc7 6. 0-0 Nf6 7. Kh1 Bc5 8. Nb3 Be7 9. f4 d6 10. Qf3 Nc6 11. a3 Bd7 12. Be3 h5 13. N1d2 d5 14. Rae1 0-0-0 15. c4 dxe4 16. Bxe4 Ng4 17. Bg1 f5 18. Bc2 e5 19. fxe5 Ncxe5 20. Qc3 g6 21. Qa5 Qb8 22. Nc5 Bc6 23. Ne6 Rd7 24. Rd1 Qd6 25. Nc5 Bd8 26. Qc3 Rdh7 27. Nf3 Qb8 28. Ne6 Bf6 29. Qa5 Nxf3 30. gxf3 Re8 31. Nc5 Qf4 32. Rd2 Bxf3+ 33. Rxf3 Qxf3+ 34. Rg2 Re2 0-1